000 00410nam a2200145Ia 4500
008 230917s9999||||xx |||||||||||||| ||und||
040 _e46273
_aMAIN
041 _aEnglish
082 _a813.09 K189B
100 _aKazin, Alfred
245 0 _aBright book of life: American novelists and story tellers from Hemingway to Mailer
260 _aBombay
_bAllied Publishers
_c1973
300 _a334 p.
942 _cBK
999 _c182033
_d182033